Spelling Canadian Geography - Statistics

General Stats
  • This quiz has been taken 46 times
  • The average score is 17 of 20
Answer Stats
Phonetic Spelling Name % Correct
prɪns ˈɛdwəd ˈaɪlənd Prince Edward Island
98%
kwɪˈbɛk Quebec
98%
ælˈbɜːtə Alberta
95%
ˈwɪnɪpeɡ Winnipeg
95%
ˈjuːkɒn Yukon
95%
ˌnɔːθˈwɛst ˈtɛrɪtəriz Northwest Territories
93%
təˈrɒntəʊ Toronto
93%
ˈbrɪtɪʃ kəˈlʌmbɪə British Columbia
91%
ˈhælɪfæks Halifax
91%
njuː ˈbrʌnzwɪk New Brunswick
91%
ˈnʊnəvʊt Nunavut
91%
vænˈkuːvə(r) Vancouver
91%
ˌmænɪˈtəʊbə Manitoba
88%
nju(ː)ˈfaʊndlənd ænd ˈlæbrəˌdɔː Newfoundland & Labrador
88%
sæsˈkæʧɪwən Saskatchewan
88%
ˈnəʊvə ˈskəʊʃə Nova Scotia
86%
ˌmɑːntriˈɔː Montreal
81%
ɒnˈteərɪəʊ Ontario
79%
ɪˈkæluːɪt Iqaluit
60%
mɪsɪˈsɔːɡə Mississauga
49%
No matching quizzes found
Score Distribution
Percent of People with Each Score
Percentile by Number Answered
Your Score History
You have not taken this quiz